La fiesta : (Registro nro. 10072)
[ vista simple ]
| 000 -CABECERA | |
|---|---|
| Longitud fija campo de control | 01005nam a2200301 a 4500 |
| 003 - • IDENTIFICADOR DELl NÚMERO DE CONTROL | |
| Identificador del número de control | CO-ViMGA |
| 008 - • CÓDIGOS DE INFORMACIÓN DE LONGITUD FIJA | |
| Códigos de información de longitud fija | 141112s2004 ck r 000 u spa d |
| 020 ## - • NÚMERO INTERNACIONAL NORMALIZADO PARA LIBROS | |
| Número Internacional Normalizado para Libros (ISBN) | 9789587663631 |
| 040 ## - FUENTE DE LA CATALOGACIÓN | |
| Centro catalogador de origen | CO-ViMGA |
| Lengua de catalogación | spa |
| Centro transcriptor | CO-ViMGA |
| 041 ## - • CÓDIGO DE LENGUA | |
| Código de lengua del texto/banda sonora o título independiente | spa ita |
| 245 10 - • TITULO PROPIAMENTE DICHO | |
| Título | La fiesta : |
| Resto del título | abre las ventanas! / |
| Mención de responsabilidad, etc. | [ilustraciones de Gabriel Evans ; traducción, Gabriela García de la Torre] |
| 246 ## - • VARIANTES DE TÍTULO | |
| Título propio / Título en breve | Woodland Whiskers The Party |
| 250 ## - • MENCIÓN DE EDICIÓN | |
| Mención de edición | 1ra. ed. |
| 300 ## - • DESCRIPCIÓN FÍSICA | |
| Extensión | [10] p. : il. col. ; 23 cm |
| 490 0# - • MENCIÓN DE SERIE | |
| Mención de serie | Bosque de bigotes |
| 490 0# - • MENCIÓN DE SERIE | |
| Mención de serie | Tú preguntas, yo respondo |
| 521 ## - • NOTA DE PÚBLICO DESTINATARIO | |
| Nota público destinatario (R ) | De 3 años en adelante |
| 650 14 - • PUNTO DE ACCESO ADICIONAL DE MATERIA - TÉRMINO DE MATERIA | |
| Término de materia o nombre geográfico como elemento inicial | Cuentos infantiles |
| 650 14 - • PUNTO DE ACCESO ADICIONAL DE MATERIA - TÉRMINO DE MATERIA | |
| Término de materia o nombre geográfico como elemento inicial | Libro de actividades |
| 700 1# - • PUNTO DE ACCESO ADICIONAL - NOMBRE DE PERSONA | |
| Nombre de persona | Evans, Gabriel, il. |
| 917 ## - | |
| -- | 2014 - 7609 2 ejemplares |
| 942 ## - ENTRADA DE ELEMENTOS AGREGADOS (KOHA) | |
| Fuente de clasificaión o esquema | Dewey Decimal Classification |
| Koha [por defecto] tipo de item | LIbro |
| 990 ## - EQUIVALENCIA O SECCIÓN-REFERENCIA [LOCAL, CANADA] | |
| Enlace de información para campos 9XX | 2014 - 7609 PanAméricana Editorial Ltda. 2 ejemplares 21 10/07/2014 a936794 27/06/2014 16/06/2014 |
| Perdido | Fuente de clasificación o esquema | Estado Físico | No para préstamo | Forma de adquisición | Localización permanente | Localización actual | Fecha adquisición | Serie de enumeración / cronolog&íacute;a | Préstamos totales | Signatura completa | Código de barras | Fecha última consulta | Número de copia | Fecha del precio de reemplazo | Tipo de item de Koha |
|---|---|---|---|---|---|---|---|---|---|---|---|---|---|---|---|
| Dewey Decimal Classification | Sala General | Estacion de Lectura Apiay - Villavicencio | Estacion de Lectura Apiay - Villavicencio | 12/04/2015 | 18/feb/2015 | A EVAf | 28245 | 12/04/2015 | Ej. 1 | 12/04/2015 | LIbro |